[Event "AUS-ch U18"]
[Site "Canberra"]
[Date "2007.01.20"]
[Round "6"]
[White "Illingworth, Max"]
[Black "Tse, Jeffrey"]
[Result "1-0"]
[WhiteElo "2096"]
[BlackElo "1730"]
[PlyCount "77"]
[EventDate "2007.01.14"]
[EventType "swiss"]
[EventRounds "11"]
[EventCountry "AUS"]
[SourceTitle "EXT 2008"]
[Source "ChessBase"]
[SourceDate "2007.11.25"]
[SourceVersion "1"]
[SourceVersionDate "2007.11.25"]
[SourceQuality "1"]

1. d4 Nf6 2. c4 g6 3. Nc3 d5 4. cxd5 Nxd5 5. e4 Nxc3 6. bxc3 Bg7 7. Be3 c5 8. Qd2 cxd4 9. cxd4 0-0 10. Rc1 Nc6 11. d5 Ne5 12. h3 e6 13. f4 Nd7 14. dxe6 fxe6 15. Bc4 Qh4+ 16. Qf2 Qxf2+ 17. Kxf2 Ne5 18. Nf3 Nxc4 19. Rxc4 e5 20. fxe5 Bxe5 21. Rc5 Bf4 22. Rhc1 Bd7 23. Bxf4 Rxf4 24. Ke3 Rff8 25. Rc7 Rac8 26. Ne5 Bc6 27. Re7 Rf6 28. Ng4 Rff8 29. e5 Rce8 30. Rxe8 Bxe8 31. Rc7 Bf7 32. Rxb7 h5 33. Nh6+ Kg7 34. Nxf7 Rxf7 35. Rxf7+ Kxf7 36. Kf4 Ke6 37. Kg5 Kxe5 38. Kxg6 h4 39. Kg5 1-0

[Event "AUS-ch U18"]
[Site "Canberra"]
[Date "2007.01.16"]
[Round "3"]
[White "Tse, Jeffrey"]
[Black "Brown, Andrew"]
[Result "1-0"]
[WhiteElo "1730"]
[BlackElo "1853"]
[PlyCount "89"]
[EventDate "2007.01.14"]
[EventType "swiss"]
[EventRounds "11"]
[EventCountry "AUS"]
[SourceTitle "EXT 2008"]
[Source "ChessBase"]
[SourceDate "2007.11.25"]
[SourceVersion "1"]
[SourceVersionDate "2007.11.25"]
[SourceQuality "1"]

1. e4 c5 2. c3 d5 3. exd5 Qxd5 4. d4 Nc6 5. Nf3 Bg4 6. Be2 Nf6 7. 0-0 e6 8. h3 Bh5 9. Be3 Be7 10. c4 Qd7 11. dxc5 Qc7 12. Nc3 a6 13. Qc2 0-0 14. a3 Bg6 15. Bd3 Bxd3 16. Qxd3 Rfd8 17. Qe2 Nh5 18. Rad1 Nf4 19. Qc2 Ng6 20. Ne4 Nge5 21. Nd4 Nd7 22. b4 Nf6 23. Nc3 Ne5 24. Qe2 Nc6 25. Na4 Nxd4 26. Bxd4 Nd7 27. Rd3 Qc6 28. Nc3 Bf6 29. Rfd1 e5 30. Be3 Nf8 31. Rd6 Qe8 32. Nd5 Be7 33. Nc7 Qa4 34. Nxa8 Rxa8 35. R6d3 Bf6 36. Bc1 Ne6 37. Qf3 Nd4 38. Qxb7 Re8 39. Qe4 h6 40. Qg4 Kh7 41. f4 Qc2 42. fxe5 Bxe5 43. Rxd4 Qb1 44. Bb2 Bxd4+ 45. Qxd4 1-0

[Event "Doeberl Cup 43rd"]
[Site "Canberra"]
[Date "2005.03.26"]
[Round "4"]
[White "Tse, Jeffrey"]
[Black "Rout, Ian Clive"]
[Result "1/2-1/2"]
[WhiteElo "1704"]
[BlackElo "1913"]
[PlyCount "47"]
[EventDate "2005.03.25"]
[EventType "swiss"]
[EventRounds "7"]
[EventCountry "AUS"]
[SourceTitle "CBM 105 Extra"]
[Source "ChessBase"]
[SourceDate "2005.05.01"]
[SourceVersion "1"]
[SourceVersionDate "2005.05.01"]
[SourceQuality "1"]

1. e4 e5 2. d4 exd4 3. Bc4 Nf6 4. Nf3 Nc6 5. e5 d5 6. Bb5 Ne4 7. Nxd4 Bd7 8. Bxc6 bxc6 9. 0-0 Bc5 10. Be3 0-0 11. f3 Ng5 12. f4 Ne4 13. Nd2 Nxd2 14. Qxd2 f6 15. Qc3 Bb6 16. e6 Bxd4 17. Bxd4 Bxe6 18. Qxc6 Qd7 19. Qxd7 Bxd7 20. Rfe1 Rfe8 21. b4 a6 22. Kf2 Kf7 23. Rxe8 Rxe8 24. Re1 1/2-1/2

[Event "Doeberl Cup 43rd"]
[Site "Canberra"]
[Date "2005.03.25"]
[Round "1"]
[White "Stead, Kerry"]
[Black "Tse, Jeffrey"]
[Result "1-0"]
[WhiteElo "1961"]
[BlackElo "1704"]
[PlyCount "81"]
[EventDate "2005.03.25"]
[EventType "swiss"]
[EventRounds "7"]
[EventCountry "AUS"]
[SourceTitle "CBM 105 Extra"]
[Source "ChessBase"]
[SourceDate "2005.05.01"]
[SourceVersion "1"]
[SourceVersionDate "2005.05.01"]
[SourceQuality "1"]

1. c4 Nf6 2. Nc3 d5 3. cxd5 Nxd5 4. e4 Nxc3 5. bxc3 g6 6. d4 Bg7 7. Bc4 c5 8. Be3 0-0 9. Ne2 Nc6 10. 0-0 Qc7 11. Rc1 Rd8 12. Bd5 e6 13. Bxc6 Qxc6 14. f3 b6 15. Qd2 Ba6 16. Rfd1 Bc4 17. Ng3 b5 18. Qf2 Rac8 19. e5 Qd5 20. Rd2 cxd4 21. cxd4 f5 22. exf6 Bxf6 23. Ne4 Bg7 24. Qh4 Rf8 25. Ng5 h6 26. Ne4 Rf5 27. Qg3 Kh7 28. Nd6 Rcf8 29. Nxf5 exf5 30. Qc7 Rf7 31. Qa5 f4 32. Bf2 Rf5 33. Qxa7 Rg5 34. Bh4 Qxf3 35. Re1 Rxg2+ 36. Rxg2 Bd5 37. Ree2 g5 38. Qd7 Bc4 39. Qf5+ Kh8 40. Re8+ Bg8 41. Qe6 1-0

[Event "Doeberl Cup 43rd"]
[Site "Canberra"]
[Date "2005.03.25"]
[Round "2"]
[White "Tse, Jeffrey"]
[Black "Stojic, Dusan"]
[Result "0-1"]
[WhiteElo "1704"]
[BlackElo "1970"]
[PlyCount "44"]
[EventDate "2005.03.25"]
[EventType "swiss"]
[EventRounds "7"]
[EventCountry "AUS"]
[SourceTitle "CBM 105 Extra"]
[Source "ChessBase"]
[SourceDate "2005.05.01"]
[SourceVersion "1"]
[SourceVersionDate "2005.05.01"]
[SourceQuality "1"]

1. e4 c5 2. c3 Nf6 3. e5 Nd5 4. d4 cxd4 5. Qxd4 e6 6. Nf3 Nc6 7. Qe4 f5 8. exf6 Nxf6 9. Qc2 Be7 10. Bd3 0-0 11. 0-0 b6 12. Bf4 Bb7 13. Rd1 Rc8 14. Ng5 h6 15. Bh7+ Kh8 16. Nxe6 dxe6 17. Rxd8 Rcxd8 18. Bg6 Ng4 19. h3 Rxf4 20. hxg4 Bc5 21. Be4 Bxf2+ 22. Qxf2 Rd1+ 0-1

[Event "AUS-ch op U20"]
[Site "Perth "]
[Date "2004.01.21"]
[Round "8"]
[White "Levin, Joshua"]
[Black "Tse, Jeffrey"]
[Result "1-0"]
[WhiteElo "1464"]
[BlackElo "1337"]
[PlyCount "67"]
[EventDate "2004.01.14"]
[EventType "swiss"]
[EventRounds "11"]
[EventCountry "AUS"]
[SourceTitle "EXT 2006"]
[Source "ChessBase"]
[SourceDate "2005.11.24"]
[SourceVersion "1"]
[SourceVersionDate "2005.11.24"]
[SourceQuality "1"]

1. e4 e6 2. d4 d5 3. e5 c5 4. c3 Nc6 5. Nf3 Qb6 6. a3 c4 7. g3 Bd7 8. Bg2 Nge7 9. 0-0 Ng6 10. Nbd2 Na5 11. Ne1 Nb3 12. Nxb3 Ba4 13. Qd2 Bxb3 14. Nc2 Be7 15. f4 0-0 16. Ne3 Rfd8 17. f5 exf5 18. Bxd5 Bg5 19. Bxf7+ Kxf7 20. Rxf5+ Bf6 21. exf6 gxf6 22. Qf2 Rd6 23. Nd5 Qd8 24. Bg5 Rxd5 25. Rxf6+ Kg8 26. Rxg6+ hxg6 27. Bxd8 Rdxd8 28. Qf6 Rd7 29. Qxg6+ Rg7 30. Qe6+ Rf7 31. Rf1 Raf8 32. d5 Kg7 33. Rxf7+ Rxf7 34. d6 1-0

[Event "AUS-ch op U20"]
[Site "Perth "]
[Date "2004.01.20"]
[Round "7"]
[White "Tse, Jeffrey"]
[Black "Sreetharan, Kishore"]
[Result "1/2-1/2"]
[WhiteElo "1337"]
[BlackElo "1509"]
[PlyCount "36"]
[EventDate "2004.01.14"]
[EventType "swiss"]
[EventRounds "11"]
[EventCountry "AUS"]
[SourceTitle "EXT 2006"]
[Source "ChessBase"]
[SourceDate "2005.11.24"]
[SourceVersion "1"]
[SourceVersionDate "2005.11.24"]
[SourceQuality "1"]

1. e4 Nc6 2. Bc4 e6 3. Nc3 Bb4 4. Nf3 Nge7 5. 0-0 d5 6. exd5 exd5 7. Bb3 Bg4 8. Re1 0-0 9. a3 Ba5 10. h3 Bh5 11. Ba2 d4 12. Ne4 Nd5 13. c4 dxc3 14. dxc3 Nf6 15. Qxd8 Raxd8 16. Bg5 Bxf3 17. gxf3 Ne5 18. Kg2 Ned7 1/2-1/2

[Event "AUS-ch U12"]
[Site "Adelaide"]
[Date "2003.01.21"]
[Round "9"]
[White "Ly, Moulthun"]
[Black "Tse, Jeffrey"]
[Result "1-0"]
[WhiteElo "1173"]
[BlackElo "1093"]
[PlyCount "65"]
[EventDate "2003.01.??"]
[EventType "swiss"]
[EventRounds "11"]
[EventCountry "AUS"]
[SourceTitle "EXT 2006"]
[Source "ChessBase"]
[SourceDate "2005.11.24"]
[SourceVersion "1"]
[SourceVersionDate "2005.11.24"]
[SourceQuality "1"]

1. e4 e6 2. d4 d5 3. exd5 exd5 4. c4 Bb4+ 5. Nc3 Ne7 6. Bd3 0-0 7. Nge2 dxc4 8. Bxc4 Nd5 9. 0-0 Nxc3 10. bxc3 Bd6 11. Bf4 Bf5 12. Bxd6 Qxd6 13. Ng3 Bg6 14. f4 h6 15. f5 Bh7 16. Qg4 Nd7 17. Ne4 Nf6 18. Qh4 Nxe4 19. Qxe4 c6 20. Qg4 b5 21. f6 Bg6 22. Qxg6 Qxf6 23. Rxf6 bxc4 24. Qg4 Rac8 25. Rxh6 f5 26. Qg6 Rf6 27. Qh7+ Kf7 28. Rxf6+ Kxf6 29. Rf1 g6 30. Re1 Kg5 31. g3 f4 32. Qh4+ Kf5 33. Qxf4# 1-0

[Event "AUS-ch U12"]
[Site "Adelaide"]
[Date "2003.01.19"]
[Round "7"]
[White "Tse, Jeffrey"]
[Black "Anderson, Daniel"]
[Result "0-1"]
[WhiteElo "1093"]
[BlackElo "1467"]
[PlyCount "78"]
[EventDate "2003.01.??"]
[EventType "swiss"]
[EventRounds "11"]
[EventCountry "AUS"]
[SourceTitle "EXT 2006"]
[Source "ChessBase"]
[SourceDate "2005.11.24"]
[SourceVersion "1"]
[SourceVersionDate "2005.11.24"]
[SourceQuality "1"]

1. e4 e5 2. Nf3 d6 3. d4 Nd7 4. Nc3 Ngf6 5. Bc4 Be7 6. a4 h6 7. Be3 c6 8. Nd2 Qc7 9. 0-0 g5 10. Nb3 Nf8 11. d5 Ng6 12. a5 Bd7 13. dxc6 bxc6 14. a6 0-0 15. Be2 Nf4 16. Bxf4 gxf4 17. Re1 Kh7 18. Qd3 Rg8 19. Kh1 Rg5 20. h3 Rag8 21. Bf3 h5 22. Qc4 Qc8 23. Qf1 h4 24. Kh2 Kh6 25. Na5 Nh5 26. Bxh5 Rxg2+ 27. Qxg2 Rxg2+ 28. Kxg2 Bxh3+ 29. Kh2 Kxh5 30. f3 Be6 31. Nb7 h3 32. Red1 Qb8 33. b3 Qc7 34. Ne2 Qb6 35. Rf1 Qe3 36. Rae1 Bh4 37. Kh1 Bxe1 38. Rxe1 Qxf3+ 39. Kg1 Qg2# 0-1

[Event "AUS-ch U12"]
[Site "Adelaide"]
[Date "2003.01.16"]
[Round "5"]
[White "Harris, Benjamin"]
[Black "Tse, Jeffrey"]
[Result "0-1"]
[WhiteElo "1197"]
[BlackElo "1093"]
[PlyCount "56"]
[EventDate "2003.01.??"]
[EventType "swiss"]
[EventRounds "11"]
[EventCountry "AUS"]
[SourceTitle "EXT 2006"]
[Source "ChessBase"]
[SourceDate "2005.11.24"]
[SourceVersion "1"]
[SourceVersionDate "2005.11.24"]
[SourceQuality "1"]

1. d4 Nf6 2. c4 g6 3. Nc3 d5 4. cxd5 Nxd5 5. e4 Nxc3 6. bxc3 Bg7 7. Nf3 c5 8. Be3 Nc6 9. Bb5 0-0 10. h3 cxd4 11. Bxd4 Nxd4 12. Nxd4 Qa5 13. Qd3 Bxd4 14. 0-0 Bxc3 15. Rac1 Bg7 16. Bc4 Rd8 17. Qb3 e6 18. f4 Qb6+ 19. Kh2 Qxb3 20. axb3 Bd7 21. Rcd1 Bc6 22. Rde1 b5 23. Be2 a5 24. Bd1 a4 25. e5 Rd2 26. Re2 Rxe2 27. Bxe2 a3 28. Ra1 a2 0-1

[Event "AUS-ch U12"]
[Site "Adelaide"]
[Date "2003.01.15"]
[Round "4"]
[White "Tse, Jeffrey"]
[Black "Vijayakumar, Rengan"]
[Result "1-0"]
[WhiteElo "1093"]
[BlackElo "853"]
[PlyCount "101"]
[EventDate "2003.01.??"]
[EventType "swiss"]
[EventRounds "11"]
[EventCountry "AUS"]
[SourceTitle "EXT 2006"]
[Source "ChessBase"]
[SourceDate "2005.11.24"]
[SourceVersion "1"]
[SourceVersionDate "2005.11.24"]
[SourceQuality "1"]

1. e4 e5 2. Nf3 Nc6 3. Bc4 Nf6 4. Ng5 d5 5. exd5 Na5 6. Bb5+ c6 7. dxc6 Nxc6 8. Nc3 Bc5 9. Qf3 Qc7 10. Nd5 Qd6 11. Bxc6+ Qxc6 12. Nxf6+ Qxf6 13. Qxf6 gxf6 14. Ne4 Be7 15. d3 Rg8 16. g3 f5 17. Nc3 Bb4 18. Bd2 Bxc3 19. Bxc3 e4 20. 0-0-0 b6 21. Rhe1 Bb7 22. f3 0-0-0 23. fxe4 fxe4 24. dxe4 Rxd1+ 25. Kxd1 Re8 26. e5 Bd5 27. Kc1 Bxa2 28. b3 Bxb3 29. cxb3 Kd7 30. Rd1+ Ke6 31. Rd6+ Kf5 32. Rd7 Rc8 33. Rxf7+ Ke6 34. Rf6+ Ke7 35. Kb2 b5 36. Bb4+ Kd7 37. Rf7+ Ke6 38. Rxh7 Kxe5 39. Rxa7 Rb8 40. Re7+ Kf6 41. Ra7 Re8 42. Bc3+ Kg5 43. Rg7+ Kf5 44. g4+ Kf4 45. g5 Re2+ 46. Ka3 Rxh2 47. g6 Rg2 48. Rf7+ Kg5 49. g7 Kh6 50. Rf8 Kh7 51. Rh8+ 1-0